| 000 | 00477 a2200157 4500 | ||
|---|---|---|---|
| 003 | OSt | ||
| 005 | 20231106121331.0 | ||
| 008 | 231106b |||||||| |||| 00| 0 eng d | ||
| 020 | _a9789389325430 | ||
| 040 | _coclc | ||
| 082 |
_a082 _bJAI/S |
||
| 100 |
_aJaihoon, Mujeeb _99832 |
||
| 245 |
_aSlogans of the sage _b= : Sayyid Muhammad Ali Shihab / _c Mujeeb Jaihoon, |
||
| 260 |
_aCalicut _bBookpeople, _c2019. |
||
| 942 |
_2ddc _cBK _h082 _iJAI/S _k082 _mJAI/S |
||
| 999 |
_c42809 _d42809 |
||